000 00720nam a2200241 a 4500
001 000012074
003 000012074
005 20200829111753.0
008 091104s1997 dr 001 j spa d
040 _aBPMSU
_bspa
_cBPMSU
082 4 _aRD863.44
_bB472c 1997
100 1 _aBosch, Juan,
_d1909-2001
_91
245 1 0 _aCuentos escritos en el exilio /
_cJuan Bosch.
250 _a24a ed.
260 _aSanto Domingo :
_bAlfa y Omega,
_c1997.
300 _a279 p. ;
_c21 cm.
650 4 _aCUENTOS DOMINICANOS
650 4 _aLITERATURA DOMINICANA
910 _aValidado. Control de calidad BNPHU
942 _2ddc
_cBK
945 _aTítulo remanejado para BNPHU / 2017 VM
956 _aVMATEO
_b10
_c20150914
_lBPMSU
_h0069
999 _c7158
_d7158